El Quijote oculto : (Registro nro. 14406)

Detalles MARC
000 -LIDER
fixed length control field 00990nam a2200265 a 4500
001 - NÚMERO DE CONTROL
Identificador de número de control 000011493
003 - IDENTIFICACDOR DE NÚMERO DE CONTROL
control field DO-SdBNP
005 - DATE AND TIME OF LATEST TRANSACTION
control field 20230707103238.0
008 - ELEMENTOS DE LONGITUD FIJA
fixed length control field 091019s1982 dr 000 e spa d
040 ## - FUENTE DE CATALOGACIÓN
Agencia que crea de manera original el registro DO-SdBNP
Idioma de catalogación spa
Agencia que realiza la transcripción BPMSU
082 ## - NÚMERO DE CLASIFICACIÓN DECIMAL DE DEWEY
Classification number RD860.44
Item number L256q 1982
Edition number 22
100 1# - ASIENTO PRINCIPAL -- NOMBRE PERSONAL
Nombre personal Landestoy Garrido, Pedro
245 13 - MENCIÓN DE TITULO
Título El Quijote oculto :
Subtítulo (la cueva de Montesinos Develada) /
Mención de responsabilidad Pedro Landestoy Garrido, Pedro Landestoy Duluc; edición Enrique Eusebio; prólogo Rafael Robles Inocencio.
260 ## - PUBLICACIÓN, DISTRIBUCIÓN, ETC. (PIE DE IMPRENTA)
Lugar de publicación, distribución, etc Santo Domingo :
Nombre del editor, distribuidor, etc. Alfa y Omega,
Fecha de publicación, distribución, etc 1982.
300 ## - DESCRIPCIÓN FÍSICA
Extensión 374 p. ;
Dimensiones 20 cm.
500 ## - NOTA GENERAL
Nota general
504 ## - NOTA DE BIBLIOGRAFÍA, ETC.
Bibliography, etc Bibliografía : p. 365-368
590 ## - NOTA LOCAL
Texto de la nota local Inventariado, 2023/VM
600 14 - ENCABEZAMIENTO DE MATERIA--NOMBRE PERSONAL
Nombre personal Cervantes Saavedra, Miguel de
Fechas asociadas con el nombre 1547-1616.
Título de una obra Don Quijote
Subdivisión temática general Crítica e interpretación
650 #4 - ENCABEZAMIENTO DE MATERIA--TEMÁTICO
Término temático o nombre geográfico como elemento de entrada Ocultimo en literatura
Subdivisión temática general Crítica e interpretación
700 1# - ASIENTO SECUNDARIO -- NOMBRE PERSONAL
Nombre personal Eusebio, Enrique,
Mención de responsabilidad ed.
700 1# - ASIENTO SECUNDARIO -- NOMBRE PERSONAL
Nombre personal Robles Inocencio, Rafael,
Mención de responsabilidad pról.
910 ## - VALIDACIÓN
Validación VMateo V. Control de calidad (BPMSU)
942 ## - ADDED ENTRY ELEMENTS (KOHA)
Source of classification or shelving scheme Dewey Decimal Classification
Koha item type Libros
Existencias
Withdrawn status Lost status Source of classification or shelving scheme Damaged status Not for loan Collection code Home library Current library Date acquired Total Checkouts Full call number Barcode Date last seen Price effective from Koha item type
    Dewey Decimal Classification     Colección Dominicana Biblioteca Pública Metropolitana Salomé Ureña Biblioteca Pública Metropolitana Salomé Ureña 07/07/2023   BPMSU CD RD860.44 L256q 1982 BPMSU23070015 07/07/2023 07/07/2023 Libros